Представление документа в формате RUSMARC

ПолеНазваниеЗначение
  Тип записи a
  Библиографический уровень a
001 Контрольный номер badffa6ff89243e9801b5fb5fa002dd9
005 Дата корректировки 20260219121157.4
100 Данные общей обработки __
a Данные общей обработки 20260219 ||| 0rusy0189 ca
101 Язык документа 0_
a Язык текста rus
102 Страна публикации __
a Страна публикации RU
200 Заглавие и сведения об ответственности 1_
a Заглавие Создай свою снежинку
e Сведения, относящиеся к заглавию [мастер-класс - ажурная квиллинг-снежинка и бумажная вырезная снежинка]
f Первые сведения об ответственности Е. Ширкова
461 Уровень набора _0
1 2000
a Шишкин лес
463 Уровень физической единицы _0
1 2000
a № 1
v С. 30-31 : рис.
1 2101
d 2026
1 001b1e21e70af774f069bec951648ba564a
606 Тематические рубрики 0_
a Основная рубрика Самоделки
610 Ключевые слова 0_
a Ключевые слова поделки из бумаги, снежинка (поделка), квиллинг, новогодние поделки
686 Индексы других классификаций __
a Классификационный индекс 77.553.6
700 Автор _1
a Фамилия Ширкова
b Имя (инициалы) Е.
g Полное личное имя Елизавета
801 Источник записи _0
a Страна RU
b Организация УОБДЮ
c Дата составления 20260219
g Правила каталогизации RCR
801 Источник записи _1
a Страна RU
b Организация УОБДЮ
c Дата составления 20260219
g Правила каталогизации RCR
901 Тип документа __
t Тип документа b
w Контрольный № источника b1e21e70af774f069bec951648ba564a
905 Данные по созданию БЗ __
b Логин пользователя, который создал БЗ ibo4
909 Создатель записи __
a Создатель записи Бобылёва И.В.
910 Корректоры записи __
a Корректор записи Бобылёва И.В.